000 00721nam a2200217Ia 4500
003 GCL
008 140319s9999 xx 000 0 ara d
040 _aGCL /
_cGCL
082 0 4 _a811.009
_bم ن
100 1 _aقدامة بن جعفر
245 1 0 _aنقد الشعر لابو الفرج قدامة بن جعفر /
_cقدامة بن جعفر
700 1 _aمحمد عبدالمنعم خفاجى
260 _a[S.N] :
_bدار الكتب العلمية للنشر والتوزيع
300 _a216 ص
490 _a
650 0 4 _aالشعر العربى
650 0 4 _aالادب العربى
650 0 4 _aدواوين وقصائد
650 0 4 _aالدولة العباسية الثانية
942 _2ddc
_cBK
999 _c55926
_d55926